[Event "Weekend B"]
[Site "Bergamo ITA"]
[Date "1998.10.??"]
[Round "?"]
[White "Raimondi, Celso"]
[Black "Nacca, Bruno"]
[Result "1-0"]
[WhiteElo "1537"]
[BlackElo "1606"]
[PlyCount "141"]
[EventDate "1998.10.24"]

1. d4 Nf6 2. Nf3 g6 3. c4 Bg7 4. Nc3 d6 5. e4 O-O 6. Be2 e5 7. d5 a5 8. O-O Nh5
9. Ne1 Nf4 10. Be3 Na6 11. Nd3 Nxd3 12. Bxd3 f5 13. f3 f4 14. Bf2 g5 15. Be2 h5
16. Rc1 b6 17. a3 Rf7 18. Rb1 Bf8 19. b4 axb4 20. axb4 Rg7 21. Ra1 Bb7 22. b5
Nc5 23. Rxa8 Qxa8 24. Qa1 Qb8 25. Qa3 Re7 26. Ra1 Nd7 27. Na2 Re8 28. Nb4 Kf7
29. Qa7 Be7 30. Qxb8 Rxb8 31. Ra7 Bd8 32. Nc6 Bxc6 33. dxc6 Nf8 34. g3 Ne6 35.
Rb7 Ra8 36. Bxb6 fxg3 37. hxg3 h4 38. Ra7 Rxa7 39. Bxa7 hxg3 40. Kf1 Nf4 41.
Bd1 Kf6 42. c5 dxc5 43. Bxc5 Ke6 44. Bb3+ Kf6 45. Bc4 Kg7 46. Bb4 Kg6 47. Be1
Nh5 48. Kg2 Kg7 49. Kh3 Kf6 50. Kg4 Kg6 51. Bd2 Kh6 52. Be3 Nf4 53. Kxg3 Kg6
54. Kg4 Ne6 55. Be2 Nf4 56. Bc4 Kf6 57. Ba7 Ng2 58. Kg3 Nf4 59. Bb8 Ne6 60. Ba7
Nf4 61. Be3 Nh5+ 62. Kg4 Nf4 63. Bc1 Kg6 64. Ba3 Nh5 65. Bg8 Nf4 66. Bf8 Kf6
67. Bh6 Ke7 68. Bxg5+ Ke8 69. Bxd8 Kxd8 70. Bc4 Ke7 71. Kf5 {...} 1-0

[Event "IX C.to NATO"]
[Site "Portsmouth ENG"]
[Date "1998.10.05"]
[Round "1"]
[White "Lebel, Patrick"]
[Black "Crapulli, Giuseppe"]
[Result "1/2-1/2"]
[WhiteElo "2165"]
[BlackElo "1879"]
[PlyCount "40"]
[EventDate "1998.10.05"]

1. d4 Nf6 2. Nf3 e6 3. Bf4 b6 4. e3 Bb7 5. Bd3 Be7 6. Nbd2 d5 7. Ne5 a6 8. Qf3
Nbd7 9. c3 c5 10. Rd1 Nxe5 11. Bxe5 O-O 12. Qh3 g6 13. O-O Nd7 14. Bf4 Bf6 15.
Bh6 Re8 16. f4 Bh8 17. Nf3 Qe7 18. Qg3 f6 19. h4 Bg7 20. Bxg7 Qxg7 1/2-1/2

[Event "IX C.to NATO"]
[Site "Portsmouth ENG"]
[Date "1998.10.06"]
[Round "3"]
[White "Crapulli, Giuseppe"]
[Black "Nielsen, Jan Mose"]
[Result "1/2-1/2"]
[WhiteElo "1879"]
[BlackElo "2065"]
[PlyCount "26"]
[EventDate "1998.10.05"]

1. e4 c5 2. Nf3 Nc6 3. Bb5 e6 4. O-O Nge7 5. Re1 a6 6. Bf1 d5 7. exd5 Nxd5 8.
d4 b5 9. dxc5 Bxc5 10. c4 bxc4 11. Bxc4 Nb6 12. Qxd8+ Kxd8 13. Bf1 Bb7 1/2-1/2

[Event "IX C.to NATO"]
[Site "Portsmouth ENG"]
[Date "1998.10.06"]
[Round "3"]
[White "Donati, Roberto"]
[Black "Ludden, Gert Jan"]
[Result "0-1"]
[WhiteElo "1900"]
[BlackElo "2255"]
[PlyCount "116"]
[EventDate "1998.10.05"]

1. d4 d5 2. Nf3 Nf6 3. e3 g6 4. b3 Bg7 5. Bb2 O-O 6. Be2 c5 7. O-O cxd4 8. exd4
Nc6 9. Ne5 Ne4 10. Nxc6 bxc6 11. Nd2 c5 12. Nxe4 dxe4 13. c3 cxd4 14. cxd4 Bb7
15. Qd2 Qb6 16. Qe3 Rfd8 17. Rfd1 Rd7 18. Rac1 Rad8 19. h3 e6 20. Qf4 h6 21.
Bc3 g5 22. Qg3 Ba6 23. Bh5 Bd3 24. h4 Qd6 25. Qxd6 Rxd6 26. hxg5 hxg5 27. Bd2
Rd5 28. Rc7 R8d7 29. Rxd7 Rxd7 30. Rc1 Bxd4 31. Rc8+ Kg7 32. Bb4 e3 33. fxe3
Bxe3+ 34. Kh1 Bg6 35. Bc3+ Bd4 36. Bxd4+ Rxd4 37. Bxg6 Kxg6 38. Ra8 Rd7 39. b4
g4 40. a4 Rd4 41. Kh2 Rxb4 42. Rxa7 Rb3 43. Kg1 f5 44. a5 e5 45. a6 Kg5 46. Ra8
Kf4 47. a7 Ra3 48. Kf2 Ra2+ 49. Ke1 Ke3 50. Kd1 f4 51. Rg8 Ra1+ 52. Kc2 Rxa7
53. Rxg4 e4 54. Rg8 Rc7+ 55. Kd1 Rd7+ 56. Ke1 Rh7 57. Kd1 Rh1+ 58. Kc2 Rg1 0-1

[Event "IX C.to NATO"]
[Site "Portsmouth ENG"]
[Date "1998.10.07"]
[Round "4"]
[White "Kesmaecker, Philippe"]
[Black "Benedetti, Fabrizio"]
[Result "1/2-1/2"]
[WhiteElo "2295"]
[BlackElo "2250"]
[PlyCount "58"]
[EventDate "1998.10.05"]

1. d4 d5 2. Nf3 Nf6 3. c4 e6 4. g3 c6 5. Qc2 Nbd7 6. Bg2 Be7 7. O-O O-O 8. b3
Re8 9. Nbd2 Bf8 10. Bb2 g6 11. Rad1 Bg7 12. Rfe1 Qc7 13. e4 dxe4 14. Nxe4 Nxe4
15. Qxe4 c5 16. Qc2 cxd4 17. Bxd4 e5 18. Qb2 f6 19. c5 Nb8 20. b4 Nc6 21. Bc3
Be6 22. Nd2 f5 23. Bxc6 Qxc6 24. Bxe5 Bxe5 25. Rxe5 Bd5 26. Rde1 Rxe5 27. Rxe5
Re8 28. a4 Rxe5 29. Qxe5 a5 1/2-1/2

[Event "IX C.to NATO"]
[Site "Portsmouth ENG"]
[Date "1998.10.08"]
[Round "5"]
[White "Donati, Roberto"]
[Black "Tia, Rudy jr"]
[Result "0-1"]
[WhiteElo "1900"]
[BlackElo "2205"]
[PlyCount "110"]
[EventDate "1998.10.05"]

1. d4 g6 2. Nf3 Bg7 3. g3 d6 4. Bg2 Nd7 5. O-O e5 6. e4 Ne7 7. c3 O-O 8. Be3 h6
9. Qc1 Kh7 10. dxe5 dxe5 11. Rd1 Nc6 12. Na3 Qe7 13. Nb5 Nf6 14. Qc2 Ng4 15.
Qe2 Nxe3 16. Qxe3 Bg4 17. h3 Be6 18. Na3 Rfd8 19. Re1 a6 20. Nc2 Rd6 21. Kh2
Rad8 22. Qc5 f6 23. Ne3 Qf7 24. b3 Bf8 25. Qa3 Rd3 26. Qb2 Bc5 27. Bf1 R3d7 28.
Bc4 Bxe3 29. Bxe6 Qxe6 30. Rxe3 Rd1 31. Rxd1 Rxd1 32. Qe2 Qd7 33. Qc4 h5 34.
Kg2 g5 35. Qe2 Kg6 36. Nd4 Rxd4 37. cxd4 exd4 38. Rd3 Ne5 39. Rd1 g4 40. hxg4
hxg4 41. Qd2 c5 42. Rh1 Nf7 43. Rh4 Ng5 44. Qd1 Nf3 45. Rh8 Ng5 46. Qh1 Nh3 47.
f3 Qe6 48. Rh4 gxf3+ 49. Kxf3 Ng5+ 50. Kf2 Qe5 51. Rf4 d3 52. Qh8 Nxe4+ 53. Kg2
Qb2+ 54. Kg1 Qc1+ 55. Kg2 Qd2+ 0-1

[Event "IX C.to NATO"]
[Site "Portsmouth ENG"]
[Date "1998.10.08"]
[Round "5"]
[White "Toumaniantz, Rouslan"]
[Black "Messina, Enrico"]
[Result "1/2-1/2"]
[WhiteElo "2090"]
[BlackElo "2100"]
[PlyCount "36"]
[EventDate "1998.10.05"]

1. e4 c5 2. Nf3 d6 3. c3 Nf6 4. h3 Nc6 5. Bd3 d5 6. e5 Nd7 7. e6 fxe6 8. Ng5
Nf6 9. Bxh7 Nxh7 10. Qh5+ Kd7 11. Nxh7 Qe8 12. Nf6+ exf6 13. Qxh8 Kc7 14. Qh4
e5 15. d3 Bf5 16. Qg3 Qf7 17. Bd2 g5 18. Na3 Qh7 1/2-1/2

[Event "IX C.to NATO"]
[Site "Portsmouth ENG"]
[Date "1998.10.08"]
[Round "6"]
[White "Benedetti, Fabrizio"]
[Black "Gross, David"]
[Result "0-1"]
[WhiteElo "2250"]
[BlackElo "2340"]
[PlyCount "126"]
[EventDate "1998.10.05"]

1. e4 c5 2. Nf3 Nc6 3. d4 cxd4 4. Nxd4 Nf6 5. Nc3 d6 6. Be2 e5 7. Nb3 Be7 8.
O-O O-O 9. Be3 a5 10. a4 Nb4 11. f4 Be6 12. Bf3 exf4 13. Bxf4 Nxc2 14. Qxc2
Qb6+ 15. Kh1 Qxb3 16. Qf2 Rad8 17. Rfe1 Rfe8 18. Rad1 Rd7 19. Be3 Ng4 20. Bxg4
Bxg4 21. Rd5 Bf6 22. Rb5 Qc4 23. Nd5 Bd8 24. b3 Qd3 25. Nf4 Qc3 26. Bd4 Qc6 27.
Qg3 Rxe4 28. Rxe4 Qxe4 29. Qxg4 Qxd4 30. Rd5 Qe4 31. h3 Re7 32. Rxd6 Re8 33.
Nd5 Qe1+ 34. Kh2 Bh4 35. Nf6+ Bxf6 36. Rxf6 Qe5+ 37. Rf4 g5 38. g3 Qb2+ 39. Kg1
Qc1+ 40. Rf1 Qe3+ 41. Kh1 b6 42. Qc4 Qe4+ 43. Qxe4 Rxe4 44. Rf5 h6 45. Kg2 Rb4
46. Rf3 Kg7 47. Rd3 h5 48. Kf3 g4+ 49. hxg4 hxg4+ 50. Ke3 Kg6 51. Kd2 f5 52.
Kc3 f4 53. gxf4 Kf5 54. Kd2 Kxf4 55. Ke2 Ke5 56. Rc3 Rf4 57. Rc6 Rb4 58. Rc3
Kd5 59. Kf2 Rf4+ 60. Ke2 Rf3 61. Rc4 Rxb3 62. Rxg4 Rb4 63. Rg6 Kc4 0-1

[Event "IX C.to NATO"]
[Site "Portsmouth ENG"]
[Date "1998.10.09"]
[Round "7"]
[White "Donati, Roberto"]
[Black "Baudin, Frederic"]
[Result "1/2-1/2"]
[WhiteElo "1900"]
[BlackElo "2205"]
[PlyCount "83"]
[EventDate "1998.10.05"]

1. d4 d5 2. Nf3 Nf6 3. e3 c5 4. c3 Nbd7 5. Bd3 g6 6. O-O Bg7 7. Qc2 O-O 8. Nbd2
Qc7 9. Re1 b6 10. e4 dxe4 11. Nxe4 Bb7 12. Qe2 Rfe8 13. Bg5 h6 14. Bh4 Nxe4 15.
Bxe4 Bxe4 16. Qxe4 Nf6 17. Qe2 Rac8 18. Qa6 Qb8 19. Rad1 e6 20. Bg3 Qa8 21. Bd6
Ne4 22. dxc5 Nxc5 23. Bxc5 Rxc5 24. Rd7 Ra5 25. Qc4 Rc8 26. Qf4 Rf5 27. Qd2 Rd5
28. Rxd5 Qxd5 29. Qxd5 exd5 30. Rd1 Rd8 31. Nd4 Rd7 32. Kf1 Bf6 33. f4 Kg7 34.
Kf2 Bh4+ 35. g3 Bf6 36. Nf3 Kf8 37. Ke2 Ke7 38. Kd3 Kd6 39. Re1 Re7 40. Rxe7
Kxe7 41. Nd4 Kd7 42. Nf3 1/2-1/2

[Event "IX C.to NATO"]
[Site "Portsmouth ENG"]
[Date "1998.10.09"]
[Round "7"]
[White "Grund, Holger"]
[Black "Benedetti, Fabrizio"]
[Result "1-0"]
[WhiteElo "2345"]
[BlackElo "2250"]
[PlyCount "78"]
[EventDate "1998.10.05"]

1. e4 c5 2. Nf3 e6 3. c3 d5 4. e5 Nc6 5. d4 Qb6 6. a3 cxd4 7. cxd4 f6 8. Bd3 f5
9. Nc3 Bd7 10. Na4 Qc7 11. O-O Nge7 12. b4 Rc8 13. Bb2 Ng6 14. Rc1 Qd8 15. Nc5
Bxc5 16. Rxc5 O-O 17. Qd2 Nh4 18. Ng5 h6 19. Nh3 f4 20. Rfc1 g5 21. Qd1 Ne7 22.
Rxc8 Bxc8 23. Qh5 Nhf5 24. g4 fxg3 25. fxg3 Qe8 26. Qxe8 Rxe8 27. b5 Rd8 28.
Nf2 h5 29. Nh3 g4 30. Nf4 Ng7 31. a4 Bd7 32. Rc7 a6 33. Rxb7 axb5 34. axb5 Rf8
35. Ba3 Re8 36. b6 Rc8 37. Bb5 Nc6 38. Bd6 Nf5 39. Nxh5 Be8 1-0

[Event "IX C.to NATO"]
[Site "Portsmouth ENG"]
[Date "1998.10.09"]
[Round "7"]
[White "Messina, Enrico"]
[Black "Kesmaecker, Philippe"]
[Result "1/2-1/2"]
[WhiteElo "2100"]
[BlackElo "2295"]
[PlyCount "74"]
[EventDate "1998.10.05"]

1. e4 e6 2. d4 d5 3. exd5 exd5 4. Bd3 Bd6 5. Nc3 c6 6. Nge2 Qc7 7. Bg5 Ne7 8.
Qd2 Nd7 9. O-O-O Nf8 10. Bf4 Bd7 11. Bxd6 Qxd6 12. Qf4 Qxf4+ 13. Nxf4 Nfg6 14.
Nxg6 hxg6 15. h4 Bf5 16. Kd2 Kd7 17. Rde1 Rae8 18. g3 Bxd3 19. Kxd3 Nf5 20.
Rxe8 Rxe8 21. a4 a5 22. Rb1 Kc7 23. b3 Nh6 24. Rd1 Kd7 25. Rd2 Re1 26. Re2 Rf1
27. Kd2 Ng4 28. Nd1 Nf6 29. Re1 Ne4+ 30. Ke2 Rxe1+ 31. Kxe1 Ke6 32. Ke2 b5 33.
Nb2 Kd6 34. g4 Ke7 35. f3 Nd6 36. Nd3 bxa4 37. bxa4 Nc4 1/2-1/2

[Event "II Weekend A"]
[Site "Nicolosi ITA"]
[Date "1998.11.??"]
[Round "?"]
[White "Ljubisavljevic, Zivojin Z."]
[Black "Bentivegna, Francesco"]
[Result "1/2-1/2"]
[WhiteElo "2290"]
[BlackElo "1885"]
[PlyCount "52"]
[EventDate "1998.11.07"]

1. d4 Nf6 2. Bg5 c5 3. Bxf6 gxf6 4. d5 Qb6 5. b3 Bg7 6. c3 f5 7. e3 d6 8. Ne2
Nd7 9. g3 Nf6 10. Bg2 Qa5 11. O-O b5 12. Nd2 Ba6 13. a4 b4 14. c4 O-O 15. Ra2
Qc7 16. Nf4 Rad8 17. Nh5 Nxh5 18. Qxh5 e6 19. Rd1 Qe7 20. Nf3 Qf6 21. dxe6 fxe6
22. Ng5 h6 23. Nxe6 Rfe8 24. Nxd8 Rxd8 25. Rad2 Bc8 26. Rd5 Bf8 1/2-1/2

[Event "II Weekend A"]
[Site "Nicolosi ITA"]
[Date "1998.11.??"]
[Round "?"]
[White "Ljubisavljevic, Zivojin Z."]
[Black "Napoli Costa, Aurelio"]
[Result "1-0"]
[WhiteElo "2290"]
[BlackElo "1938"]
[PlyCount "65"]
[EventDate "1998.11.07"]

1. e4 c5 2. Nc3 Nc6 3. f4 g6 4. Nf3 Bg7 5. Bb5 Nd4 6. Nxd4 cxd4 7. Ne2 a6 8.
Bc4 Qc7 9. d3 b5 10. Bb3 Bb7 11. O-O d6 12. f5 gxf5 13. Rxf5 e6 14. Rf1 Ne7 15.
Nf4 Ng6 16. Nh5 O-O 17. Nxg7 Kxg7 18. Qh5 Kh8 19. Bg5 Rg8 20. Bf6+ Rg7 21. Qh6
Rag8 22. Rf3 Qc5 23. Rh3 Nf8 24. Rg3 Ng6 25. Rf1 d5 26. e5 a5 27. Rf4 Qb4 28.
Qxh7+ Kxh7 29. Rh3+ Nh4 30. Rfxh4+ Kg6 31. Rh6+ Kf5 32. Rf3+ Kg4 33. h3# 1-0

[Event "II Weekend A"]
[Site "Nicolosi ITA"]
[Date "1998.11.??"]
[Round "4"]
[White "Culle', Salvatore"]
[Black "Cordi', Domenico"]
[Result "1-0"]
[WhiteElo "1735"]
[BlackElo "1944"]
[PlyCount "91"]
[EventDate "1998.11.07"]

1. e4 c5 2. c3 g6 3. d4 cxd4 4. cxd4 Bg7 5. Nf3 d6 6. Nc3 Nf6 7. Be2 O-O 8. O-O
Nc6 9. h3 Bd7 10. Be3 a6 11. d5 Ne5 12. Nxe5 dxe5 13. Qb3 b5 14. Rfd1 Ne8 15.
Rac1 Nd6 16. f3 Qb8 17. Rd2 Kh8 18. Rdc2 f5 19. Bd3 f4 20. Bf2 Rc8 21. Nb1 Qb7
22. Nd2 Bf6 23. a3 Kg7 24. Qa2 Rxc2 25. Rxc2 Rc8 26. b4 Rxc2 27. Qxc2 Qc8 28.
Qxc8 Bxc8 29. Bc5 Kf7 30. Bxd6 exd6 31. Nb3 Bd8 32. Kf1 Bb6 33. Ke2 h5 34. Bc2
Kf6 35. Na5 Bxa5 36. bxa5 Bd7 37. Bd3 Kg5 38. Kf2 Kh4 39. Be2 g5 40. Bf1 g4 41.
hxg4 hxg4 42. fxg4 Bxg4 43. Bd3 Bd1 44. Bxb5 Bc2 45. Bxa6 Bxe4 46. Bb7 1-0

[Event "II Weekend A"]
[Site "Nicolosi ITA"]
[Date "1998.11.14"]
[Round "5"]
[White "Bentivegna, Francesco"]
[Black "Alaimo, Riccardo"]
[Result "0-1"]
[WhiteElo "1885"]
[BlackElo "2090"]
[PlyCount "94"]
[EventDate "1998.11.07"]

1. e4 c5 2. Nf3 d6 3. d4 cxd4 4. Nxd4 Nf6 5. Nc3 a6 6. Bg5 e6 7. f4 Qb6 8. Nb3
Nbd7 9. Qf3 Qc7 10. O-O-O b5 11. Bd3 Bb7 12. Qe2 Rc8 13. Rhe1 Be7 14. g4 b4 15.
Nb1 Nc5 16. Nxc5 Qxc5 17. Nd2 O-O 18. Nb3 Qc7 19. Bxf6 Bxf6 20. g5 Be7 21. Qh5
g6 22. Qh6 a5 23. Re3 f5 24. exf5 exf5 25. Nd4 Bd5 26. Rde1 Rf7 27. Ne6 Bxe6
28. Rxe6 Bf8 29. Qh3 Bg7 30. Qf3 Qc5 31. Qe3 Bd4 32. Re8+ Rxe8 33. Qxe8+ Kg7
34. Qe6 d5 35. h4 a4 36. h5 a3 37. h6+ Kg8 38. Qe8+ Rf8 39. Qb5 Be3+ 40. Kb1
Qxb5 41. Bxb5 Bxf4 42. Bc6 Rd8 43. Rg1 Kf7 44. b3 Ke6 45. Re1+ Kd6 46. Bxd5
Bxg5 47. Rh1 Kxd5 0-1

[Event "II Weekend A"]
[Site "Nicolosi ITA"]
[Date "1998.11.14"]
[Round "5"]
[White "Bonaccorsi, Fabrizio"]
[Black "Culle', Salvatore"]
[Result "0-1"]
[WhiteElo "2115"]
[BlackElo "1735"]
[PlyCount "126"]
[EventDate "1998.11.07"]

1. Nf3 Nf6 2. d4 g6 3. Nbd2 d5 4. e3 Bg7 5. Bd3 c5 6. Ne5 c4 7. Be2 Nbd7 8. f4
O-O 9. Bf3 Qc7 10. b3 c3 11. Nb1 b5 12. Ba3 a5 13. Bxe7 Re8 14. Bxf6 Nxf6 15.
O-O b4 16. a3 Bf5 17. g4 Be4 18. g5 Bxf3 19. Rxf3 Ne4 20. Qf1 a4 21. Nd3 axb3
22. Nxb4 b2 23. Ra2 Qd7 24. f5 Bf8 25. Nd3 Nxg5 26. Nxc3 Nxf3+ 27. Qxf3 Rxa3
28. Rxa3 Bxa3 29. Nxb2 Bxb2 30. Nxd5 Qd8 31. fxg6 hxg6 32. Nf6+ Kg7 33. Nxe8+
Qxe8 34. c4 Bc1 35. Kf2 Qe6 36. c5 Ba3 37. e4 Qf6 38. e5 Qxf3+ 39. Kxf3 Kf8 40.
Ke4 Ke8 41. Kd5 Bb2 42. Ke4 Kd7 43. d5 Ba3 44. c6+ Kc7 45. Kf4 Bb2 46. Ke4 f6
47. e6 Kd6 48. Kf4 Be5+ 49. Kf3 Bxh2 50. Ke4 f5+ 51. Kd4 g5 52. Kc4 f4 53. Kd3
g4 54. Ke2 f3+ 55. Ke3 Bf4+ 56. Kf2 Bg5 57. c7 Kxc7 58. e7 Kd7 59. d6 Bf4 60.
Kg1 Bxd6 61. Kf1 Bxe7 62. Kg1 Ke6 63. Kf1 Kf5 0-1

[Event "II Weekend B"]
[Site "Nicolosi ITA"]
[Date "1998.11.??"]
[Round "?"]
[White "Buitta, Daniele"]
[Black "Sorrenti, Francesco"]
[Result "1-0"]
[WhiteElo "1612"]
[BlackElo "1570"]
[PlyCount "67"]
[EventDate "1998.11.07"]

1. d4 g6 2. e4 Bg7 3. Nc3 d6 4. f4 Nd7 5. Nf3 c5 6. Be3 Ngf6 7. h3 O-O 8. Be2
cxd4 9. Nxd4 Nc5 10. Bf3 Nfd7 11. O-O Nb6 12. Qe2 Bd7 13. Rad1 a6 14. Rfe1 Qc7
15. Kh1 Rfe8 16. Qf2 Nc4 17. Bc1 Nb6 18. g4 Nca4 19. Nxa4 Nxa4 20. c3 Qb6 21.
Qg2 Nc5 22. Be3 Qc7 23. f5 Rab8 24. h4 Bf6 25. g5 Be5 26. h5 b5 27. hxg6 hxg6
28. Qh3 Kg7 29. Qh6+ Kg8 30. fxg6 fxg6 31. Qxg6+ Bg7 32. Nf5 Bxf5 33. exf5 Qc8
34. Bd5+ 1-0

[Event "IV Weekend"]
[Site "Ivrea ITA"]
[Date "1998.11.07"]
[Round "1"]
[White "Ottolini, Graziano"]
[Black "Emanuele, Gaetano"]
[Result "1-0"]
[WhiteElo "1785"]
[BlackElo "1564"]
[PlyCount "52"]
[EventDate "1998.11.07"]

1. Nf3 e6 2. g3 d5 3. Bg2 Nf6 4. d3 Be7 5. O-O O-O 6. Nbd2 Nc6 7. e4 dxe4 8.
dxe4 Bd7 9. e5 Nd5 10. Ne4 Qc8 11. Bg5 f6 12. c4 fxg5 13. cxd5 g4 14. dxc6 Bxc6
15. Nfd2 Rd8 16. Qxg4 Rf8 17. Ng5 Bd5 18. Nde4 Rf5 19. f4 Qf8 20. Nf6+ Bxf6 21.
Bxd5 Qc5+ 22. Rf2 Qxd5 23. exf6 Rxf6 24. Rd1 Qxa2 25. Rd7 Qc4 26. Nxh7 Rg6 1-0

[Event "IV Weekend"]
[Site "Ivrea ITA"]
[Date "1998.11.08"]
[Round "2"]
[White "De Paulis, Sergio"]
[Black "Ottolini, Graziano"]
[Result "0-1"]
[WhiteElo "1549"]
[BlackElo "1785"]
[PlyCount "80"]
[EventDate "1998.11.07"]

1. d4 Nf6 2. Nf3 g6 3. Nbd2 d5 4. Ne5 Bg7 5. c3 O-O 6. e3 Nbd7 7. Ndf3 Nxe5 8.
Nxe5 Nd7 9. Nf3 e5 10. Nd2 exd4 11. cxd4 Qe7 12. Bd3 Bxd4 13. O-O Bg7 14. Re1
Ne5 15. Be2 Be6 16. a4 c5 17. a5 Rfd8 18. Ra4 Rac8 19. Nf3 Nxf3+ 20. Bxf3 b5
21. Ra3 a6 22. Qc2 d4 23. exd4 cxd4 24. Qd2 Qc7 25. Qf4 Be5 26. Qh6 Bxh2+ 27.
Kh1 Bd6 28. Ra1 Bf8 29. Qg5 d3 30. Bf4 Bd6 31. Bd2 Be7 32. Qh6 Bf8 33. Qg5 Bg7
34. Rac1 Qd7 35. b4 Rc4 36. Bb7 h6 37. Qxd8+ Qxd8 38. Bxa6 Rh4+ 39. Kg1 Qd6 40.
g3 Bd4 0-1

[Event "IV Weekend"]
[Site "Ivrea ITA"]
[Date "1998.11.08"]
[Round "3"]
[White "Ottolini, Graziano"]
[Black "Paonessa, Denis"]
[Result "1-0"]
[WhiteElo "1785"]
[BlackElo "1684"]
[PlyCount "69"]
[EventDate "1998.11.07"]

1. Nf3 d5 2. g3 e6 3. Bg2 Nf6 4. d3 c5 5. Nbd2 Nc6 6. O-O Be7 7. e4 O-O 8. c3
b5 9. e5 Nd7 10. d4 a5 11. Re1 c4 12. Nf1 b4 13. Ne3 bxc3 14. bxc3 Rb8 15. h4
Ba6 16. Ng5 Na7 17. Qh5 Bxg5 18. hxg5 Nb5 19. Ng4 Nxc3 20. Kh2 Rb1 21. Rxb1
Nxb1 22. Rh1 c3 23. Kg1 Bd3 24. Nf6+ Nxf6 25. gxf6 gxf6 26. Bh6 c2 27. Qf3 Be4
28. Qf4 fxe5 29. Qxe5 f6 30. Qxe6+ Rf7 31. Bxe4 dxe4 32. Qxe4 Qc8 33. Kh2 f5
34. Qe3 Qc6 35. Qg5+ 1-0

[Event "IV Weekend"]
[Site "Ivrea ITA"]
[Date "1998.11.13"]
[Round "4"]
[White "Castaldo, Folco"]
[Black "Ottolini, Graziano"]
[Result "1-0"]
[WhiteElo "2180"]
[BlackElo "1785"]
[PlyCount "85"]
[EventDate "1998.11.07"]

1. e4 Nf6 2. e5 Nd5 3. d4 d6 4. Nf3 Bg4 5. Be2 e6 6. O-O Be7 7. c4 Nb6 8. exd6
cxd6 9. b3 Bf6 10. Bb2 Nc6 11. Nbd2 O-O 12. Ne4 d5 13. Nxf6+ Qxf6 14. c5 Nd7
15. Qd2 Rfe8 16. b4 a6 17. a4 a5 18. b5 Ne7 19. Ra3 Nf5 20. h3 Bxf3 21. Rxf3
Qh4 22. Bd3 g6 23. g4 Ng7 24. Qf4 Qe7 25. c6 e5 26. dxe5 Ne6 27. Qe3 Ndc5 28.
Ba3 d4 29. Qe2 bxc6 30. bxc6 Qg5 31. Bb5 d3 32. Qe3 Qxe3 33. Rxe3 Rad8 34. f4
d2 35. Rd1 Rd5 36. f5 gxf5 37. gxf5 Nd4 38. Rxd2 Nf3+ 39. Rxf3 Rxd2 40. Bxc5
Rc2 41. Rg3+ Kh8 42. Bd4 Rd8 43. Rg4 1-0

[Event "IV Weekend"]
[Site "Ivrea ITA"]
[Date "1998.11.14"]
[Round "5"]
[White "Ottolini, Graziano"]
[Black "Zannoni, Gianni"]
[Result "1/2-1/2"]
[WhiteElo "1785"]
[BlackElo "1606"]
[PlyCount "92"]
[EventDate "1998.11.07"]

1. Nf3 g6 2. g3 Bg7 3. Bg2 f5 4. d3 Nf6 5. Nbd2 O-O 6. O-O d6 7. c3 c6 8. e4
Qc7 9. Re1 e5 10. Nf1 fxe4 11. dxe4 Nbd7 12. b4 Nb6 13. Qb3+ Kh8 14. Be3 Qe7
15. N1d2 Be6 16. Qc2 Rac8 17. c4 Ng4 18. Bg5 Qc7 19. h3 Nf6 20. Be3 Rfd8 21. c5
dxc5 22. Bxc5 Rd7 23. a4 Rcd8 24. a5 Nc8 25. Nc4 Ne8 26. Ng5 Bg8 27. Be3 Ned6
28. Nxd6 Rxd6 29. Rad1 h6 30. Nf3 Kh7 31. Bc5 Rxd1 32. Rxd1 Be6 33. Rxd8 Qxd8
34. Qd2 Qxd2 35. Nxd2 b6 36. axb6 axb6 37. Be3 Bf8 38. Nf3 Bd6 39. Bd2 Kg7 40.
Bc3 Kf6 41. h4 c5 42. bxc5 bxc5 43. Bd2 Kg7 44. Bc3 Kf6 45. Bd2 Kg7 46. Bc3 Kf6
1/2-1/2

[Event "IV Weekend"]
[Site "Ivrea ITA"]
[Date "1998.11.14"]
[Round "6"]
[White "Ottolini, Graziano"]
[Black "Insabato, Giovanbattista"]
[Result "1-0"]
[WhiteElo "1785"]
[BlackElo "2190"]
[PlyCount "107"]
[EventDate "1998.11.07"]

1. Nf3 d5 2. g3 Nf6 3. d3 g6 4. c4 c6 5. b3 Bg7 6. Bb2 O-O 7. Bg2 dxc4 8. bxc4
Qb6 9. Bd4 c5 10. Bc3 Nc6 11. Nbd2 Qc7 12. Nb3 b6 13. O-O Bb7 14. Qc2 Rfe8 15.
Qb2 Rad8 16. Rab1 Ba8 17. a4 a5 18. Nbd2 Nb4 19. Be5 Qc8 20. h3 Nh5 21. Bxg7
Nxg7 22. d4 cxd4 23. Nxd4 Bxg2 24. Kxg2 Ne6 25. N4f3 Nc5 26. Ra1 Qc6 27. Kh2
Nxa4 28. Qe5 Nc5 29. Qf4 f6 30. Qh6 e5 31. Nh4 Re7 32. Ndf3 e4 33. Ng1 f5 34.
Qg5 Kf7 35. Ng2 Qf6 36. Qh6 Qg7 37. Qg5 h6 38. Qf4 Ne6 39. Qc1 Red7 40. Ne3 Kg8
41. Rb1 Nc5 42. Qa3 Nca6 43. Rfc1 Rd2 44. Nd5 Ra2 45. Qe3 Nxd5 46. cxd5 Nb4 47.
Qxb6 Qd7 48. Qxg6+ Qg7 49. Qxf5 Rf8 50. Qe6+ Kh7 51. Qxe4+ Kh8 52. Nf3 Ra3 53.
d6 Na2 54. Rc7 1-0

[Event "I Weekend B"]
[Site "Gravina di Catania ITA"]
[Date "1998.03.29"]
[Round "3"]
[White "Barresi, Ettore"]
[Black "Faita, Franco"]
[Result "1-0"]
[WhiteElo "1582"]
[BlackElo "1606"]
[PlyCount "87"]
[EventDate "1998.03.28"]

1. e4 e5 2. Nf3 Nc6 3. Bc4 Nf6 4. Ng5 d5 5. exd5 Na5 6. Bb5+ c6 7. dxc6 bxc6 8.
Qf3 e4 9. Nxe4 cxb5 10. Nxf6+ Qxf6 11. Qxa8 Qe6+ 12. Kd1 Be7 13. Re1 Qd7 14.
Qe4 Nc6 15. Nc3 O-O 16. Qd5 Qxd5 17. Nxd5 Bc5 18. f3 Rd8 19. Nc7 a6 20. Re8+
Rxe8 21. Nxe8 Kf8 22. Nc7 Ne7 23. d3 Bd6 24. Na8 Bb7 25. Nb6 Bxh2 26. c4 Bc7
27. Nd7+ Ke8 28. Nc5 Bc8 29. b4 Nc6 30. Bd2 f5 31. a4 bxc4 32. dxc4 Bd6 33.
Nxa6 Bxa6 34. b5 Bb7 35. bxc6 Bxc6 36. a5 Kd7 37. Rb1 Kc7 38. a6 Ba8 39. Bb4
Be5 40. Bf8 h6 41. c5 h5 42. a7 Bb7 43. Bd6+ Bxd6 44. cxd6+ 1-0

[Event "I Weekend B"]
[Site "Gravina di Catania ITA"]
[Date "1998.03.29"]
[Round "4"]
[White "Barresi, Ettore"]
[Black "Zuccarotto, Salvatore"]
[Result "1-0"]
[WhiteElo "1582"]
[BlackElo "1573"]
[PlyCount "131"]
[EventDate "1998.03.28"]

1. e4 e5 2. Nf3 Nc6 3. Bc4 Nf6 4. d4 exd4 5. O-O Be7 6. Nxd4 O-O 7. Nf5 Ne5 8.
Bb3 d6 9. Nxe7+ Qxe7 10. Bg5 Be6 11. Nc3 h6 12. Bh4 Ng6 13. Bg3 Bxb3 14. axb3
Rfe8 15. Re1 a6 16. Nd5 Qd8 17. f3 Nh5 18. Bf2 Ngf4 19. Be3 Ng6 20. Qd2 Nf6 21.
Red1 Nxd5 22. Qxd5 b6 23. Bd4 Nf4 24. Qf5 Ne2+ 25. Kf1 Nxd4 26. Rxd4 Re5 27.
Qf4 Qg5 28. Qxg5 Rxg5 29. Rad1 Rc5 30. c4 b5 31. Rd5 bxc4 32. Rxc5 dxc5 33.
bxc4 Rb8 34. Rd2 Rb4 35. Rc2 Kf8 36. Ke2 Ke7 37. Kd3 Ke6 38. f4 f6 39. Kc3 a5
40. Rd2 a4 41. Rd5 Rb3+ 42. Kc2 Re3 43. f5+ Ke7 44. Rxc5 Kd6 45. Ra5 Rxe4 46.
Rxa4 Re2+ 47. Kc3 Rxg2 48. Ra6+ c6 49. b4 Rxh2 50. b5 Rh3+ 51. Kb4 Rg3 52.
Rxc6+ Kd7 53. Kc5 Rc3 54. Rd6+ Ke7 55. Rd4 Rf3 56. b6 Rxf5+ 57. Kc6 Rf1 58.
Rd7+ Ke6 59. b7 Rb1 60. Rxg7 Rb4 61. c5 h5 62. Kc7 h4 63. c6 h3 64. b8=Q Rxb8
65. Kxb8 h2 66. Rh7 1-0

[Event "II Open A"]
[Site "Castellaneta ITA"]
[Date "1998.08.30"]
[Round "1"]
[White "Culle', Salvatore"]
[Black "Soncin, Denis"]
[Result "1-0"]
[WhiteElo "1735"]
[BlackElo "1845"]
[PlyCount "91"]
[EventDate "1998.08.30"]

1. e4 Nf6 2. e5 Nd5 3. d4 d6 4. c4 Nb6 5. exd6 exd6 6. Bd3 Nc6 7. Ne2 Nb4 8.
O-O Nxd3 9. Qxd3 Be7 10. Nbc3 O-O 11. b3 Re8 12. Bb2 d5 13. c5 Nd7 14. Nxd5 Bf8
15. Qf3 c6 16. Ne3 Nf6 17. Rad1 h5 18. Nf4 Ng4 19. h3 Nf6 20. b4 a5 21. d5 axb4
22. dxc6 Qe7 23. Bxf6 Qxf6 24. cxb7 Bxb7 25. Qxb7 Qxf4 26. c6 h4 27. Nd5 Qe5
28. Rfe1 Qxe1+ 29. Rxe1 Rxe1+ 30. Kh2 Bd6+ 31. f4 Rxa2 32. Qc8+ Kh7 33. Qg4
Ree2 34. Qxh4+ Kg8 35. Kg3 b3 36. Qd8+ Bf8 37. c7 Rxg2+ 38. Kh4 g5+ 39. fxg5
Rac2 40. c8=Q Rxc8 41. Qxc8 b2 42. Qb8 Kg7 43. Nf4 Rc2 44. Qe5+ Kh7 45. Qf5+
Kg7 46. Qxc2 1-0